书目信息 |
| 题名: |
自杀:一种不必要的死亡
|
|
| 作者: | 沃瑟曼 主编 ;李鸣 译 | |
| 分册: | ||
| 出版信息: | 北京 中国轻工业出版社 2003 |
|
| 页数: | 303页 | |
| 开本: | 20cm | |
| 丛书名: | ||
| 单 册: | ||
| 中图分类: | C913.9 | |
| 科图分类: | ||
| 主题词: | 自杀--研究 | |
| 电子资源: | ||
| ISBN: | 7-5019-4007-X | |
| 000 | 00897nam0 2200253 450 | |
| 001 | 1571277992 | |
| 005 | 20150125194810.31 | |
| 010 | @a7-5019-4007-X@dCNY18.00 | |
| 100 | @a20030822d2003 em y0chiy50 ea | |
| 101 | 1 | @achi@cswe |
| 102 | @aCN@b110000 | |
| 105 | @ac z 000yy | |
| 200 | 1 | @a自杀:一种不必要的死亡@9zi sha : yi zhong bu bi yao de si wang@f(瑞典)戴纽特·沃瑟曼(Danuta Wasserman)主编@g李鸣等译 |
| 210 | @a北京@c中国轻工业出版社@d2003 | |
| 215 | @a303页@c肖像@d20cm | |
| 300 | @a万千心理 | |
| 330 | @a本书全面反映全球范围内自杀研究的最新信息和科研成果,并对不同国家的自杀预防策略作了详尽的描述和评论。 | |
| 510 | 1 | @aSuicide: An Unnecessary Death@zeng |
| 606 | 0 | @a自杀@x研究 |
| 690 | @aC913.9@v5 | |
| 701 | 0 | @c(瑞典)@a沃瑟曼@9wo se man@c(女,Wasserman, Danuta)@4主编 |
| 702 | 0 | @a李鸣@9li ming@c(翻译)@4译 |
| 801 | 0 | @aCN@bTSSF@c20150125 |
| 905 | @aZUCC@dC913.9@eJY1 | |
| 自杀:一种不必要的死亡/(瑞典)戴纽特·沃瑟曼(Danuta Wasserman)主编/李鸣等译.-北京:中国轻工业出版社,2003 |
| 303页:肖像;20cm |
| 万千心理 |
| ISBN 7-5019-4007-X:CNY18.00 |
| 本书全面反映全球范围内自杀研究的最新信息和科研成果,并对不同国家的自杀预防策略作了详尽的描述和评论。 |
| ● |
| 相关链接 |
|
|
|
|
正题名:自杀:一种不必要的死亡
索取号:C913.9/JY1
 
预约/预借
| 序号 | 登录号 | 条形码 | 馆藏地/架位号 | 状态 | 备注 |
| 1 | 7858032 | 278580322 | 学院路分馆/ [索取号:C913.9/JY1] | 在馆 |